[Event "45th Olympiad 2024"]
[Site "Budapest HUN"]
[Date "2024.09.18"]
[Round "7.52"]
[White "Kigigha, Bomo Lovet"]
[Black "Mwali, Chitumbo"]
[Result "1/2-1/2"]
[WhiteElo "2217"]
[BlackElo "2312"]
[TimeControl "40/5400+30:1800_30\""]
[EventDate "2024.09.11"]
[Board "1"]
[WhiteFideId "8500037"]
[BlackFideId "8700265"]
[WhiteTeam "Nigeria"]
[BlackTeam "Zambia"]

1. e4 e5 2. Nf3 Nc6 3. Bb5 a6 4. Ba4 Nf6 5. O-O b5 6. Bb3 Be7 7. d4 d6 8.
dxe5 Nxe5 9. Nxe5 dxe5 10. Qxd8+ Bxd8 11. a4 Rb8 12. axb5 axb5 13. Be3 c6
14. Ra7 Bb7 15. Nc3 Nd7 16. Rd1 Rf8 17. Nxb5 cxb5 18. Bd5 Bb6 19. Rxb7 Rxb7
20. Bxb7 Bxe3 21. Bc6 Bd4 22. c3 Ke7 23. cxd4 exd4 24. Rxd4 Nc5 25. b4 Ne6
26. Rd7+ Kf6 27. Rb7 Rc8 28. Rb6 Ke5 29. g3 Nd4 30. Bd5 g5 31. Bxf7 Rc1+
32. Kg2 Rb1 33. Rb8 Kxe4 34. Bg8 Rxb4 35. Bxh7+ Ke5 36. Rg8 Ne6 37. Rg6 g4
38. Bg8 Nc5 39. h4 gxh3+ 40. Kxh3 Nd3 41. Re6+ Kf5 42. Re2 Kg6 43. Bd5 Kf6
44. f3 Rb2 45. Re6+ Kg5 46. f4+ Nxf4+ 47. gxf4+ Kxf4 48. Re4+ Kf5 49. Re3
Rd2 50. Bc6 b4 51. Kg3 Rd6 52. Bb5 Kf6 53. Ba4 Re6 54. Rd3 Re4 55. Kf3 Ke5
56. Bb3 Rd4 57. Re3+ Kd6 58. Ke2 Rg4 59. Kd3 Rh4 60. Re6+ Kc5 61. Re5+ Kb6
62. Bc4 Rh1 63. Rb5+ Kc6 64. Rxb4 Rd1+ 65. Kc2 Kc5 66. Ra4 Rg1 67. Bd3 Rh1
68. Kc3 Rc1+ 69. Bc2 Kb5 70. Rh4 Kc5 71. Rh5+ Kd6 72. Kd3 Kc6 73. Bb3 Rg1
74. Bc4 Rd1+ 75. Kc3 Rc1+ 76. Kd4 Rd1+ 77. Bd3 Kd6 78. Rh6+ Ke7 79. Ke4 Kf7
80. Bc4+ Kg7 81. Ra6 Rc1 82. Bd5 Rf1 83. Ke5 Rf2 84. Be4 Rf1 85. Bf5 Re1+
86. Kf4 Kf7 87. Be4 Ke7 88. Ke5 Kd7 89. Ra7+ Kc8 90. Kd5 Rd1+ 91. Kc5 Kd8
92. Bd5 Ke8 93. Kd6 Kf8 94. Rf7+ Ke8 95. Rg7 Rf1 96. Rg3 Rf2 97. Rg1 Rf4
98. Be6 Rf2 99. Bc4 Rf4 100. Rg8+ Rf8 101. Rg7 Rf4 102. Be6 Rf2 103. Ra7
Kf8 104. Ra8+ Kg7 105. Rg8+ Kh6 106. Ke5 Kh5 107. Bc4 Kh4 108. Bd3 Rf3 109.
Be2 Rf2 110. Bd3 Rf3 111. Be4 Rf1 112. Kd4 Re1 113. Bf3 Re7 114. Be4 Rd7+
115. Ke5 Ra7 116. Kf4 Rf7+ 117. Bf5 1/2-1/2

[Event "45th Olympiad 2024"]
[Site "Budapest HUN"]
[Date "2024.09.18"]
[Round "7.52"]
[White "Kayonde, Andrew"]
[Black "Osunfuyi, Abimbola"]
[Result "0-1"]
[WhiteElo "2338"]
[BlackElo "2164"]
[TimeControl "40/5400+30:1800_30\""]
[EventDate "2024.09.11"]
[Board "2"]
[WhiteFideId "8700281"]
[BlackFideId "8502439"]
[WhiteTeam "Zambia"]
[BlackTeam "Nigeria"]

1. d4 d5 2. Nf3 Nf6 3. e3 e6 4. Nbd2 Nbd7 5. Bd3 Bd6 6. O-O O-O 7. Re1 e5
8. e4 Re8 9. exd5 exd4 10. Ne4 Bb4 11. Nxf6+ Nxf6 12. Rxe8+ Qxe8 13. Bc4 b5
14. Bf1 Bb7 15. Nxd4 a6 16. a4 bxa4 17. c4 Bc5 18. Be3 Bc8 19. Qxa4 Bd7 20.
Qa5 Bb6 21. Qc3 Ng4 22. c5 Qe5 23. g3 Nxe3 24. fxe3 Bxc5 25. Qxc5 Qxe3+ 26.
Kh1 Bf5 27. Qc3 Be4+ 28. Bg2 Bxg2+ 29. Kxg2 Qe4+ 30. Nf3 Qxd5 31. Qxc7 h6
32. Re1 Qb5 33. Qe5 Qb7 34. Re3 Rc8 35. Rc3 Qxb2+ 0-1

[Event "45th Olympiad 2024"]
[Site "Budapest HUN"]
[Date "2024.09.18"]
[Round "7.52"]
[White "Ofowino, Toritsemuwa"]
[Black "Kaoma, Micheal"]
[Result "0-1"]
[WhiteElo "2020"]
[BlackElo "2161"]
[TimeControl "40/5400+30:1800_30\""]
[EventDate "2024.09.11"]
[Board "3"]
[WhiteFideId "8504377"]
[BlackFideId "8701431"]
[WhiteTeam "Nigeria"]
[BlackTeam "Zambia"]

1. d4 d5 2. Nf3 Nf6 3. c3 g6 4. h3 Bg7 5. Bf4 O-O 6. e3 c5 7. Be2 Nbd7 8.
O-O b6 9. Nbd2 Bb7 10. Ne5 a6 11. a4 Ne8 12. Nxd7 Qxd7 13. Qb3 Qc6 14. Nf3
c4 15. Qc2 Nd6 16. b3 b5 17. bxc4 bxc4 18. Nd2 f6 19. Rfb1 e5 20. Bh2 Bc8
21. Bg4 f5 22. Be2 f4 23. Qb2 Bf5 24. Re1 Rab8 25. Qc1 fxe3 26. fxe3 Ne4
27. dxe5 Qc5 28. Bf3 Ng5 29. Bd1 Rbe8 30. h4 Nf7 31. Nf3 Nxe5 32. Bxe5 Bxe5
33. Nxe5 Rxe5 34. Bf3 Be4 35. Bxe4 Rxe4 36. Qd2 Rxh4 37. Rf1 Re8 38. Rf3
Rhe4 39. Kf2 g5 40. Rf5 Rf8 41. Rxf8+ Qxf8+ 42. Kg1 Qc5 43. Rd1 Re5 44. Qd4
Qxd4 45. Rxd4 Kf7 46. Kf2 Ke6 47. Rd1 Rf5+ 48. Ke2 g4 49. Rb1 g3 50. Rb6+
Ke5 51. Rxa6 Rf2+ 52. Ke1 Rxg2 53. Ra7 h5 54. Re7+ Kf5 55. Rd7 Ke4 56. Kf1
Rf2+ 57. Kg1 Rd2 58. Rh7 Kf3 59. Rf7+ Kxe3 60. a5 Ra2 61. a6 Rxa6 62. Kg2
h4 63. Kh3 Rg6 64. Rf3+ Kxf3 0-1

[Event "45th Olympiad 2024"]
[Site "Budapest HUN"]
[Date "2024.09.18"]
[Round "7.52"]
[White "Hapaku, Charles"]
[Black "Quickpen, Deborah Ebimobo-Ere"]
[Result "1-0"]
[WhiteElo "2102"]
[BlackElo "1918"]
[TimeControl "40/5400+30:1800_30\""]
[EventDate "2024.09.11"]
[Board "4"]
[WhiteFideId "8704244"]
[BlackFideId "8511616"]
[WhiteTeam "Zambia"]
[BlackTeam "Nigeria"]

1. c4 Nf6 2. Nc3 e5 3. Nf3 Nc6 4. e4 Bc5 5. Nxe5 Nxe5 6. d4 Bb4 7. dxe5
Nxe4 8. Qf3 Nxc3 9. bxc3 Ba5 10. Ba3 Qg5 11. h4 Qxe5+ 12. Kd2 Qd4+ 13. Kc2
Qe5 14. Rd1 d6 15. Rd5 Bf5+ 16. Kb3 Qe1 17. Qe2+ Qxe2 18. Bxe2 Be6 19. Rxa5
c5 20. Rb5 b6 21. Kc2 Kd7 22. Rbb1 Rhe8 23. Rhe1 Re7 24. Rbd1 Rae8 25. Bd3
Kc7 26. Bc1 d5 27. cxd5 Bxd5 28. Rxe7+ Rxe7 29. c4 Bc6 30. Kc3 g6 31. Bg5
Rd7 32. f3 h5 33. Re1 a6 34. a3 b5 35. cxb5 axb5 36. Rb1 c4 37. Bf4+ Kd8
38. Bc2 Ra7 39. Rd1+ Ke7 40. Bd6+ Ke6 41. Bc5 Ra8 42. Rd6+ Ke5 43. Rxc6 Kd5
44. Be4+ 1-0

[Event "45th Olympiad 2024"]
[Site "Budapest HUN"]
[Date "2024.09.18"]
[Round "7.53"]
[White "Mafaaz, Khalid"]
[Black "Efimov, Igor"]
[Result "0-1"]
[WhiteElo "2069"]
[BlackElo "2338"]
[TimeControl "40/5400+30:1800_30\""]
[EventDate "2024.09.11"]
[Board "1"]
[WhiteFideId "7818424"]
[BlackFideId "806404"]
[WhiteTeam "Pakistan"]
[BlackTeam "Monaco"]

1. d4 d6 2. e4 Nf6 3. Nc3 c6 4. Nf3 Bg4 5. Be3 Qa5 6. h3 Bh5 7. Qd2 Bxf3 8.
gxf3 Nbd7 9. f4 e6 10. Bg2 Nb6 11. Ne2 Qxd2+ 12. Bxd2 d5 13. e5 Nfd7 14. h4
h5 15. f5 exf5 16. Nf4 Be7 17. e6 fxe6 18. Bf3 Nf8 19. Bxh5+ Kd7 20. Rg1
Bf6 21. c3 Nc4 22. Bc1 Nd6 23. Ke2 Rh7 24. Rh1 Ne4 25. Be3 c5 26. Rag1 cxd4
27. cxd4 Rc8 28. f3 Nd6 29. Kd3 Nc4 30. Bc1 Nd6 31. Be3 Rc6 32. b3 b5 33.
a3 Rh6 34. Ng6 Rxh5 35. Nxf8+ Ke7 36. Ng6+ Kf7 37. Bf4 Ne4 38. fxe4 fxe4+
39. Kd2 Bxd4 40. Rg5 Rxg5 41. Nh8+ Kg8 42. hxg5 e5 43. Be3 g6 44. Rh6 Kg7
45. Ke2 Bxe3 46. Kxe3 a5 47. a4 b4 48. Ke2 d4 49. Kd2 e3+ 50. Kd3 e4+ 51.
Kxd4 e2 52. Rh1 Rd6+ 0-1

[Event "45th Olympiad 2024"]
[Site "Budapest HUN"]
[Date "2024.09.18"]
[Round "7.53"]
[White "Levacic, Damir"]
[Black "Amer, Karim"]
[Result "1-0"]
[WhiteElo "2097"]
[BlackElo "2081"]
[TimeControl "40/5400+30:1800_30\""]
[EventDate "2024.09.11"]
[Board "2"]
[WhiteFideId "600180"]
[BlackFideId "7800053"]
[WhiteTeam "Monaco"]
[BlackTeam "Pakistan"]

1. d4 Nf6 2. c4 e6 3. Nc3 Bb4 4. e3 c5 5. a3 Bxc3+ 6. bxc3 O-O 7. Bd3 d5 8.
cxd5 exd5 9. Ne2 Nc6 10. O-O Re8 11. f3 Qc7 12. Qe1 Bd7 13. Qh4 Ne7 14. e4
Ng6 15. Qg3 Qxg3 16. Nxg3 cxd4 17. cxd4 dxe4 18. fxe4 Bc6 19. d5 Ba4 20.
Rb1 Ne5 21. Be2 b6 22. Rb4 Bc2 23. Bg5 Nfd7 24. Rd4 f6 25. Be3 Rac8 26. Nf5
Nf7 27. Bb5 Rcd8 28. d6 Rxe4 29. Rc1 Re5 30. Bxd7 Rxd7 31. Ne7+ Kf8 32. Bf4
Rc5 33. Rd2 Bb3 34. Rxc5 bxc5 35. Nc6 g5 36. Be3 c4 37. Bd4 Kg7 38. Bc3
Rxd6 39. Nxa7 Ba4 40. Nc8 Re6 41. Rd4 Bb3 42. Bb4 Ne5 43. Bc3 Ra6 44. h4
gxh4 45. Rxh4 Rxa3 46. Nd6 Ra4 47. Rf4 Kg6 48. Ne4 Ra6 49. Nxf6 Nd3 50. Rf1
Nc5 51. Ng4 Ne4 52. Ne5+ Kg5 53. Nf7+ Kh5 54. Bd4 c3 55. g4+ Kh4 56. Ne5 c2
57. Kg2 Kg5 58. Be3+ 1-0

[Event "45th Olympiad 2024"]
[Site "Budapest HUN"]
[Date "2024.09.18"]
[Round "7.53"]
[White "Momin, Fayzan"]
[Black "Meylan, Andre"]
[Result "1-0"]
[WhiteElo "2064"]
[BlackElo "2165"]
[TimeControl "40/5400+30:1800_30\""]
[EventDate "2024.09.11"]
[Board "3"]
[WhiteFideId "7805225"]
[BlackFideId "1301225"]
[WhiteTeam "Pakistan"]
[BlackTeam "Monaco"]

1. a3 Nf6 2. Nf3 e6 3. c4 b6 4. Nc3 Bb7 5. g3 Be7 6. Bg2 O-O 7. O-O c5 8.
b3 d5 9. cxd5 Nxd5 10. Bb2 Nd7 11. Nxd5 Bxd5 12. d3 Bf6 13. Qc2 Rc8 14.
Rfc1 h6 15. Bxf6 Nxf6 16. Qb2 Qe7 17. Rc2 a5 18. Rac1 Rcd8 19. Ne5 Bxg2 20.
Kxg2 Qb7+ 21. Kg1 Rc8 22. d4 cxd4 23. Nc6 Rc7 24. Qxd4 Rd7 25. Qb2 Rd5 26.
b4 Qd7 27. b5 Kh8 28. a4 Rd1+ 29. Rxd1 Qxd1+ 30. Kg2 Qd5+ 31. f3 Qd1 32. e4
Rc8 33. Rd2 Qe1 34. Qc3 Kh7 35. Qd3 e5 36. Rd1 Rd8 37. Nxd8 Qb4 38. Qc2 1-0

[Event "45th Olympiad 2024"]
[Site "Budapest HUN"]
[Date "2024.09.18"]
[Round "7.53"]
[White "Van Hoolandt, Patrick"]
[Black "Mudasir, Iqbal"]
[Result "1-0"]
[WhiteElo "2036"]
[BlackElo "2055"]
[TimeControl "40/5400+30:1800_30\""]
[EventDate "2024.09.11"]
[Board "4"]
[BlackFideId "7801114"]
[BlackTeam "Pakistan"]

1. d4 d5 2. c4 c6 3. Nf3 Nf6 4. cxd5 cxd5 5. Nc3 Nc6 6. Bf4 Qa5 7. e3 Ne4
8. Qb3 e6 9. Bd3 f5 10. O-O a6 11. Rfc1 Bb4 12. a3 Bxc3 13. bxc3 O-O 14. c4
Kh8 15. cxd5 exd5 16. Ne5 Nxe5 17. Bxe5 Qd8 18. Rc7 Nf6 19. Rac1 b5 20. Qc2
g6 21. Qc6 Kg8 22. Qxa8 1-0

[Event "45th Olympiad 2024"]
[Site "Budapest HUN"]
[Date "2024.09.18"]
[Round "7.54"]
[White "Kao, Jamison Edrich"]
[Black "Susilodinata, Andrean"]
[Result "1/2-1/2"]
[WhiteElo "2125"]
[BlackElo "2393"]
[TimeControl "40/5400+30:1800_30\""]
[EventDate "2024.09.11"]
[Board "1"]
[WhiteFideId "6007937"]
[BlackFideId "7101651"]
[WhiteTeam "Hong Kong, China"]
[BlackTeam "Indonesia"]

1. e4 c6 2. d4 d5 3. e5 Bf5 4. h4 h5 5. Bd3 Bxd3 6. Qxd3 Qa5+ 7. Nd2 e6 8.
Ne2 Nh6 9. O-O Qa6 10. c4 Nf5 11. Rb1 Bb4 12. b3 Nxh4 13. a3 Be7 14. Nf3
Nf5 15. Ng3 g6 16. Nxf5 gxf5 17. Bg5 Bxg5 18. Nxg5 Qxa3 19. cxd5 Qe7 20.
dxc6 Nxc6 21. Nf3 Rd8 22. Rfc1 a5 23. Rc4 Rg8 24. Rd1 Rg4 25. Qe3 Rd5 26.
Qh6 h4 27. Rdc1 Qf8 28. Qh7 Qg7 29. Qxg7 Rxg7 30. Rc5 Rxc5 31. Rxc5 Rg4 32.
d5 exd5 33. Rxd5 Rb4 34. Rd3 b5 35. Rd6 Nb8 36. Rb6 Nd7 37. Ra6 a4 38. bxa4
Rxa4 39. Rh6 Re4 40. Rxh4 Rxh4 41. Nxh4 f4 42. Nf3 b4 43. Kf1 Ke7 44. Ke2
Ke6 45. Ng5+ Kxe5 46. Nxf7+ Kd4 47. Kd2 Nc5 48. Kc2 b3+ 49. Kb2 Kd3 50.
Ne5+ Kd4 51. Nf3+ Kc4 52. Ne5+ Kb4 53. Nc6+ Ka4 54. Ne5 Ne4 55. Nd3 f3 56.
gxf3 Nd2 57. f4 Kb5 58. Kc3 b2 59. Kxb2 Kc4 60. Kc2 Ne4 61. f5 Kd5 62. f4
Ng3 63. Nb4+ Kd6 64. f6 Ke6 65. Nd5 Ne4 1/2-1/2

[Event "45th Olympiad 2024"]
[Site "Budapest HUN"]
[Date "2024.09.18"]
[Round "7.54"]
[White "Cahaya, Satria Duta"]
[Black "Lam, Daniel King Wai"]
[Result "1-0"]
[WhiteElo "2219"]
[BlackElo "2088"]
[TimeControl "40/5400+30:1800_30\""]
[EventDate "2024.09.11"]
[Board "2"]
[WhiteFideId "7124252"]
[BlackFideId "6001238"]
[WhiteTeam "Indonesia"]
[BlackTeam "Hong Kong, China"]

1. e4 c6 2. d4 d5 3. Nc3 dxe4 4. Nxe4 Nf6 5. Nxf6+ exf6 6. Bc4 Qe7+ 7. Qe2
Be6 8. Bb3 a5 9. Be3 a4 10. Bxe6 fxe6 11. Nh3 Qf7 12. O-O a3 13. b3 Na6 14.
c3 Bd6 15. Bf4 Bxf4 16. Nxf4 Nc7 17. Rae1 O-O 18. Qc2 Rfe8 19. Re2 Qd7 20.
Rfe1 Qd6 21. Re4 Re7 22. Nd3 b6 23. b4 Nd5 24. Qb3 Kh8 25. g3 g6 26. c4 Nc7
27. Nf4 f5 28. c5 Qd7 29. Re5 Qxd4 30. cxb6 Qxb6 31. Qc3 Kg8 32. Qc4 Rb8
33. Rb1 1-0

[Event "45th Olympiad 2024"]
[Site "Budapest HUN"]
[Date "2024.09.18"]
[Round "7.54"]
[White "Chan, Wang Ip Boris"]
[Black "Ulhaq, Zacky Dhia"]
[Result "1/2-1/2"]
[WhiteElo "2017"]
[BlackElo "2203"]
[TimeControl "40/5400+30:1800_30\""]
[EventDate "2024.09.11"]
[Board "3"]
[WhiteFideId "6006027"]
[BlackFideId "7125674"]
[WhiteTeam "Hong Kong, China"]
[BlackTeam "Indonesia"]

1. e4 e5 2. Nf3 Nc6 3. Bc4 Nf6 4. d3 Bc5 5. O-O a6 6. a4 d6 7. c3 Ba7 8.
Nbd2 O-O 9. h3 h6 10. Re1 Re8 11. Nf1 Be6 12. Bb3 d5 13. exd5 Bxd5 14. Ng3
Bxb3 15. Qxb3 Qxd3 16. Be3 Bxe3 17. Rxe3 Qd5 18. Qc2 Qe6 19. Nd4 Nxd4 20.
cxd4 Qd5 21. dxe5 Rxe5 22. Rd1 Qe6 23. Rde1 Rxe3 24. Rxe3 Qd7 25. Kh2 Rd8
26. Nf5 g6 27. Nxh6+ Kg7 28. Ng4 Nxg4+ 29. hxg4 Qd6+ 30. g3 Qd2 31. Re2
Qxc2 32. Rxc2 c6 33. Kg2 Rd3 34. b4 Rd4 35. b5 Rxg4 36. bxc6 bxc6 37. f4
1/2-1/2

[Event "45th Olympiad 2024"]
[Site "Budapest HUN"]
[Date "2024.09.18"]
[Round "7.54"]
[White "Kristopher, Reynard"]
[Black "Li, Yiheng"]
[Result "1/2-1/2"]
[WhiteElo "2114"]
[BlackElo "1893"]
[TimeControl "40/5400+30:1800_30\""]
[EventDate "2024.09.11"]
[Board "4"]
[WhiteFideId "7124333"]
[BlackFideId "6006760"]
[WhiteTeam "Indonesia"]
[BlackTeam "Hong Kong, China"]

1. d4 d5 2. Nc3 Nf6 3. Bf4 e6 4. Nb5 Na6 5. e3 Be7 6. Nf3 O-O 7. Bd3 c6 8.
Nc3 Nb4 9. a3 Nxd3+ 10. cxd3 Nh5 11. Bg3 Nxg3 12. hxg3 c5 13. dxc5 Bxc5 14.
d4 Be7 15. O-O Bd7 16. Qe2 Qa5 17. Ne5 Rfd8 18. b4 Qb6 19. Nxd7 Rxd7 20.
Na4 Qd8 21. Nc5 Rc7 22. Rfc1 Rac8 23. Qb2 b6 24. Nd3 Bd6 25. Rxc7 Rxc7 26.
Rc1 Qc8 27. Rxc7 Qxc7 28. Qc1 Qc4 29. Qxc4 dxc4 30. Nb2 c3 31. Nd3 a5 32.
Kf1 axb4 33. axb4 c2 34. Ke2 Bxb4 35. g4 Kf8 36. Nc1 Ke7 37. Kd3 Ba3 38.
Kxc2 Bxc1 39. Kxc1 f5 40. gxf5 exf5 41. f4 Ke6 42. Kc2 Kd5 43. Kc3 h6 44.
Kb4 g5 45. fxg5 hxg5 46. g3 f4 47. exf4 gxf4 48. gxf4 Kxd4 49. Kb5 Ke4 50.
Kxb6 Kxf4 1/2-1/2

[Event "45th Olympiad 2024"]
[Site "Budapest HUN"]
[Date "2024.09.18"]
[Round "7.55"]
[White "Laohawirapap, Prin"]
[Black "Asabri, Hussien"]
[Result "1-0"]
[WhiteElo "2380"]
[BlackElo "2196"]
[TimeControl "40/5400+30:1800_30\""]
[EventDate "2024.09.11"]
[Board "1"]
[WhiteFideId "6205003"]
[BlackFideId "9200177"]
[WhiteTeam "Thailand"]
[BlackTeam "Libya"]

1. e4 e5 2. Nf3 Nc6 3. Bc4 Bc5 4. c3 Bb6 5. d4 Qe7 6. O-O Nf6 7. Bb5 O-O 8.
Bxc6 bxc6 9. Nxe5 d6 10. Nc4 Qxe4 11. a4 a5 12. Re1 Qh4 13. Qf3 Be6 14.
Nxb6 cxb6 15. Bf4 Bd5 16. Qg3 Qxg3 17. hxg3 Rfe8 18. Nd2 Rxe1+ 19. Rxe1 Re8
20. Re3 Rxe3 21. fxe3 Ne4 22. Nxe4 Bxe4 23. Bxd6 b5 24. axb5 cxb5 25. Kf2
f5 26. Bc7 a4 27. g4 g6 28. gxf5 gxf5 29. g4 fxg4 30. Kg3 Kf7 31. Kf4 Bf3
32. e4 h5 33. Bd8 Ke6 34. Bh4 Be2 35. d5+ Kd6 36. Ke3 Bd1 37. Kd4 Bb3 38.
e5+ Kd7 39. e6+ Kd6 40. Bg3+ Ke7 41. Ke5 Bc4 42. d6+ Ke8 1-0

[Event "45th Olympiad 2024"]
[Site "Budapest HUN"]
[Date "2024.09.18"]
[Round "7.55"]
[White "Alhassadi, Yousef A."]
[Black "Bodemar, Jonathan"]
[Result "0-1"]
[WhiteElo "2082"]
[BlackElo "2195"]
[TimeControl "40/5400+30:1800_30\""]
[EventDate "2024.09.11"]
[Board "2"]
[WhiteFideId "9204725"]
[BlackFideId "6205488"]
[WhiteTeam "Libya"]
[BlackTeam "Thailand"]

1. e4 e6 2. d4 d5 3. Nc3 Nf6 4. e5 Nfd7 5. f4 c5 6. Nf3 Nc6 7. Be3 Be7 8.
Qd2 O-O 9. dxc5 Qa5 10. O-O-O b6 11. Bb5 Nb4 12. a3 bxc5 13. Kb1 Nb6 14. f5
d4 15. Bxd4 cxd4 16. Nxd4 Rd8 17. axb4 Qxb4 18. Qf2 Nc4 19. Bxc4 Qxc4 20.
f6 Bf8 21. Nb3 Bb7 22. Rhf1 g6 23. g3 Qc7 24. Rxd8 Qxd8 25. Rd1 Qc7 26. Qd4
a5 27. Nc1 Bc6 28. h4 h6 29. Qc4 Qb6 30. Nd3 a4 31. g4 a3 32. b3 Ra5 33.
Ka2 Bb7 34. Na4 Qe3 35. Qc7 Qe2 36. Nc3 Qxc2+ 37. Ka1 Rc5 0-1

[Event "45th Olympiad 2024"]
[Site "Budapest HUN"]
[Date "2024.09.18"]
[Round "7.55"]
[White "Teerapabpaisit, Wisuwat"]
[Black "Naser Eldean, Ahmed"]
[Result "1-0"]
[WhiteElo "2070"]
[BlackElo "1981"]
[TimeControl "40/5400+30:1800_30\""]
[EventDate "2024.09.11"]
[Board "3"]
[WhiteFideId "6200176"]
[BlackFideId "9205365"]
[WhiteTeam "Thailand"]
[BlackTeam "Libya"]

1. e4 e6 2. d4 d5 3. Nd2 Nc6 4. Ngf3 Nf6 5. e5 Nd7 6. Nb3 f6 7. Bb5 fxe5 8.
dxe5 Nc5 9. Ng5 Nxb3 10. axb3 Bd7 11. Bxc6 bxc6 12. Qg4 Qe7 13. c3 c5 14.
Nxh7 Qf7 15. Ng5 Qg6 16. h4 Be7 17. h5 Qf5 18. Qe2 Bxg5 19. g4 Qg6 20. f4
Bxf4 21. Bxf4 Qe4 22. Qxe4 dxe4 23. Be3 O-O 24. Bxc5 Rf4 25. Rg1 a6 26. c4
Bc6 27. Ke2 e3 28. Bxe3 Re4 29. Ra5 Rb8 30. Rxa6 Rxb3 31. Rxc6 Rexe3+ 32.
Kd2 Rxe5 33. Rxc7 Rxb2+ 34. Kc3 Ree2 35. g5 Rb8 36. h6 g6 37. Rf1 Rf8 38.
Rg7+ 1-0

[Event "45th Olympiad 2024"]
[Site "Budapest HUN"]
[Date "2024.09.18"]
[Round "7.55"]
[White "Elshaafi, Ali"]
[Black "Arunnuntapanich, Tinnakrit"]
[Result "0-1"]
[WhiteElo "1984"]
[BlackElo "2064"]
[TimeControl "40/5400+30:1800_30\""]
[EventDate "2024.09.11"]
[Board "4"]
[WhiteFideId "9202552"]
[BlackFideId "6202039"]
[WhiteTeam "Libya"]
[BlackTeam "Thailand"]

1. e4 c5 2. Nf3 e6 3. d4 cxd4 4. Nxd4 Nf6 5. Nc3 Nc6 6. Nxc6 bxc6 7. e5 Nd5
8. Ne4 Qc7 9. f4 Qb6 10. c4 Ne3 11. Qd3 Bb4+ 12. Bd2 Ba6 13. Bxb4 Qxb4+ 14.
Kf2 Qxb2+ 15. Be2 Nxc4 16. Rab1 Nxe5 17. fxe5 Qxe5 18. Qxa6 Qxe4 19. Rhd1
O-O 20. Rb7 Qf5+ 21. Kg1 Qc5+ 22. Kh1 d5 23. Rc7 Rab8 24. Rxc6 Qe3 25. Qd3
Qe5 26. Rdc1 g6 27. h3 Rb2 28. R6c2 Rfb8 29. Bf3 Kg7 30. Qe2 Qxe2 31. Bxe2
e5 32. Kg1 e4 33. Kf1 d4 34. Rxb2 Rxb2 35. Bc4 d3 36. Rd1 h5 37. a4 f5 38.
Bxd3 exd3 39. Rxd3 Rb7 40. Rd6 Kh6 41. Kf2 h4 42. Kf3 Kh5 43. Rd5 Kg5 44.
Rc5 Rb3+ 45. Kf2 Ra3 46. Rc4 Ra2+ 47. Kf3 a5 48. Rd4 Kh5 49. Rf4 Ra3+ 50.
Kf2 Rc3 51. Rd4 Rc5 52. Kf3 Kg5 53. Kf2 Re5 54. Kf3 Kh5 55. Rf4 Rc5 56. Rd4
g5 57. Kf2 Rc2+ 58. Kf1 Rc5 59. Kf2 g4 60. hxg4+ fxg4 61. Rd2 g3+ 62. Kf3
Rf5+ 63. Ke3 h3 64. gxh3 Kh4 65. Rd8 Kxh3 66. Rh8+ Kg2 67. Ke4 Rc5 68. Rd8
Rc4+ 69. Ke3 Rxa4 70. Rd2+ Kh3 71. Rd8 Ra3+ 72. Kf4 Kh2 73. Rh8+ Kg1 74.
Rc8 g2 75. Rc1+ Kh2 76. Rc2 Kh1 0-1

[Event "45th Olympiad 2024"]
[Site "Budapest HUN"]
[Date "2024.09.18"]
[Round "7.56"]
[White "Mehrad, Ahmad Tamim"]
[Black "Sanchez Alvarez, Roberto Carlos"]
[Result "0-1"]
[WhiteElo "2015"]
[BlackElo "2376"]
[TimeControl "40/5400+30:1800_30\""]
[EventDate "2024.09.11"]
[Board "1"]
[WhiteFideId "11700491"]
[BlackFideId "3508684"]
[WhiteTeam "Afghanistan"]
[BlackTeam "Panama"]

1. Nf3 c5 2. c4 Nc6 3. d4 cxd4 4. Nxd4 Nf6 5. Nc3 e6 6. e3 d5 7. a3 Bd6 8.
Be2 O-O 9. cxd5 exd5 10. Bf3 Re8 11. Nxd5 Nxd5 12. Bxd5 Qa5+ 13. b4 Qxd5
14. O-O Nxd4 15. exd4 Bd7 16. Bb2 Re6 17. Qd2 Rae8 18. Rae1 Bf4 19. Qc3 Bc6
20. f3 Re2 21. Rxe2 Rxe2 22. Bc1 Bxh2+ 23. Kxh2 Qd6+ 24. Kh3 Bd7+ 25. Kh4
Qh2+ 0-1

[Event "45th Olympiad 2024"]
[Site "Budapest HUN"]
[Date "2024.09.18"]
[Round "7.56"]
[White "Delgado Rosas, Alex Antonio"]
[Black "Haidary, Hameedullah"]
[Result "1-0"]
[WhiteElo "2157"]
[BlackElo "2192"]
[TimeControl "40/5400+30:1800_30\""]
[EventDate "2024.09.11"]
[Board "2"]
[WhiteFideId "6602150"]
[BlackFideId "11700840"]
[WhiteTeam "Panama"]
[BlackTeam "Afghanistan"]

1. d4 Nf6 2. Bf4 g6 3. Nc3 d5 4. e3 Bg7 5. Nb5 Na6 6. Nc3 Nb8 7. h4 h6 8.
Nf3 Bg4 9. Qd2 c6 10. Ne5 Bf5 11. f3 h5 12. O-O-O Nbd7 13. Bd3 Be6 14. Rdg1
Qa5 15. g4 Nxe5 16. Bxe5 O-O-O 17. Kb1 Rh7 18. Qd1 Ne8 19. Bxg7 Nxg7 20.
Ne2 Rdh8 21. g5 Rd8 22. c3 Rhh8 23. Ng3 c5 24. Re1 Rhe8 25. Qc1 Kb8 26.
Rhf1 Rc8 27. Rf2 Red8 28. f4 Qc7 29. Rg1 Qd7 30. dxc5 Rxc5 31. Qc2 Bf5 32.
Bxf5 gxf5 33. Qd3 Rc4 34. Rd2 e6 35. Qe2 Rcc8 36. Rh1 Rh8 37. c4 Rc5 38.
Rhd1 Qc6 39. cxd5 exd5 40. Rc2 Rxc2 41. Qxc2 Qxc2+ 42. Kxc2 Rd8 43. Kd3 Kc7
44. Rc1+ Kd6 45. b4 a6 46. a4 Ra8 47. a5 Rb8 48. Rb1 b5 49. axb6 Rxb6 50.
Ra1 Kd7 51. Ra5 Ke6 52. Ne2 Ke7 53. Nc3 Ke6 54. Nxd5 Rd6 55. Kc4 Rc6+ 56.
Rc5 Kd6 57. Rxc6+ Kxc6 58. Nf6 Kd6 59. Kb3 Kc6 60. Ka4 Kb6 61. Nd7+ Kc6 62.
Ne5+ Kd5 63. Ka5 Ke4 64. Kxa6 Kxe3 65. b5 Kxf4 66. Nxf7 Ke4 67. b6 Ne6 68.
g6 f4 69. g7 Nxg7 70. b7 1-0

[Event "45th Olympiad 2024"]
[Site "Budapest HUN"]
[Date "2024.09.18"]
[Round "7.56"]
[White "Kanz, Ahmad Safy"]
[Black "Mendez Machado, Andre"]
[Result "1-0"]
[WhiteElo "1977"]
[BlackElo "2122"]
[TimeControl "40/5400+30:1800_30\""]
[EventDate "2024.09.11"]
[Board "3"]
[WhiteFideId "11700947"]
[BlackFideId "6603793"]
[WhiteTeam "Afghanistan"]
[BlackTeam "Panama"]

1. c4 e5 2. Nc3 Nf6 3. Nf3 Nc6 4. e4 Bb4 5. d3 d6 6. a3 Bc5 7. b4 Bb6 8.
Na4 Bg4 9. Nxb6 axb6 10. Bb2 O-O 11. h3 Bxf3 12. Qxf3 Nd7 13. Qe3 Qf6 14.
Be2 Nd4 15. Bd1 c5 16. O-O Qe7 17. Rb1 Ra7 18. Kh2 b5 19. f4 bxc4 20. dxc4
Re8 21. f5 f6 22. b5 Nb6 23. Qd3 Qf7 24. Rc1 Rea8 25. g4 Kh8 26. h4 Na4 27.
Ba1 Nb6 28. Bb2 Qe7 29. Rg1 Na4 30. Bxa4 Rxa4 31. Rc3 Re8 32. Qd1 Raa8 33.
g5 d5 34. cxd5 Nxb5 35. Rcg3 Nd6 36. Qh5 Nxe4 37. g6 h6 38. R3g2 Kg8 39.
Bc1 Ra4 40. Bxh6 gxh6 41. g7 Ng5 42. hxg5 fxg5 43. f6 Qf7 44. Rxg5 Qxh5+
45. Rxh5 Rxa3 46. Rxe5 Ra2+ 47. Kh1 Raa8 48. Re7 Rxe7 49. fxe7 Kf7 1-0